Superheroes by Villain - Statistics

General Stats
  • This quiz has been taken 228 times
  • The average score is 12 of 16
Answer Stats
Hint Answer % Correct
The Joker Batman
100%
Green Goblin Spider-Man
99%
Lex Luthor Superman
99%
Loki Thor
99%
Red Skull Captain America
96%
Mandarin Iron Man
88%
Abomination The Incredible Hulk
87%
Zoom The Flash
83%
Black Manta Aquaman
76%
Sinestro Green Lantern
75%
Magneto X-Men
73%
Black Adam Shazam
71%
Dormammu Doctor Strange
70%
Bullseye Daredevil
60%
Merlyn Green Arrow
47%
Anton Arcane Swamp-Thing
14%
No matching quizzes found
Score Distribution
Percent of People with Each Score
Percentile by Number Answered
Your Score History
You have not taken this quiz